| 000 | 01135nam a22002057a 4500 | ||
|---|---|---|---|
| 003 | OSt | ||
| 005 | 20251111155642.0 | ||
| 008 | 251111b |||||||| |||| 00| 0 eng d | ||
| 040 | _cDCL | ||
| 082 | _a၂၉၄.၃၈၂၃၁၃ | ||
| 130 |
_aတိပိဋက။ _pသုတ္တန္တပိဋက။ _pဒီဃနိကာယ။ _tပါထိကဝဂ္ဂ၊ _lပါဠိတော်၊ _sနိဿယ။ |
||
| 245 |
_aပါထေယျ ပါဠိတော်နိဿယ / _bအရှင်အရိယာလင်္ကာရ မထေရ်။ |
||
| 250 | _aဒုတိယအကြိမ်။ | ||
| 264 |
_aရန်ကုန် ၊ _bဣစ္ဆာသယပိဋကတ်စာပုံနှိပ်တိုက်၊ _c၁၉၇၃။ |
||
| 300 |
_aဇ၊ ၄၅၇ စာမျက်နှာ ၊ _c၂၉ စင်တီ။ |
||
| 650 |
_aပါထေယျ _vပါဠိတော်နိဿယ။ |
||
| 650 |
_aပါထိကဝဂ္ဂ _vပါဠိတော်နိဿယ။ |
||
| 700 | _aအရိယာလင်္ကာရ ၊ အရှင် | ||
| 942 |
_2ddc _cSHORT TERM _n0 |
||
| 999 |
_c2452 _d2452 |
||